| 000 | 00528nam a22001937a 4500 | ||
|---|---|---|---|
| 003 | OSt | ||
| 005 | 20140310183127.0 | ||
| 008 | 130530t xxu||||| |||| 00| 0 eng d | ||
| 050 |
_aDS 675.8 _b.D333 1997 |
||
| 082 |
_aFIL 920 _bR51d 1997 |
||
| 245 |
_aThe Greatest Filipino: _bHis Life and Works _cDelagoza, Rolando S. |
||
| 260 |
_aManila, Philippines _bAdamson University _cc1997 |
||
| 300 | _a235 p. | ||
| 521 | _acollege students | ||
| 526 | _c1210L-1700L | ||
| 541 | _j1 | ||
| 562 | _e1 | ||
| 942 |
_2lcc _cBK _kFIL |
||
| 999 |
_c19066 _d19066 |
||